The ten European countries with 10 - 50 million population - Statistics

General Stats
  • This quiz has been taken 55 times
  • The average score is 8 of 10
Answer Stats
Ranking Answer % Correct
1 Spain
96%
3 Poland
94%
9 Portugal
91%
10 Sweden
85%
6 Belgium
83%
5 Netherlands
83%
4 Romania
81%
2 Ukraine
81%
7 Greece
74%
8 Czech Republic
35%
No matching quizzes found
Score Distribution
Percent of People with Each Score
Percentile by Number Answered
Your Score History
You have not taken this quiz